Clubs ayant éliminé le PSG en LDC - Statistiques

Statistiques générales
  • Ce quiz a été pris 1 281 fois
  • Le résultat moyen est 11 sur 12
Statistiques - réponses
Année Stade de la cométition Réponse % Correct
2023 8e de Finale Bayern Munich
98%
2020 Finale Bayern Munich
98%
2017 8e de Finale Barcelone FC
95%
2022 8e de Finale Real Madrid
95%
2018 8e de Finale Real Madrid
95%
2015 Quart de Finale Barcelone FC
94%
2013 Quart de Finale Barcelone FC
94%
2021 Demi Finale Manchester City
92%
2016 Quart de Finale Manchester City
92%
2024 Demi Finale Borussia Dortmund
91%
2019 8e de Finale Manchester United
85%
2014 Quart de Finale Chelsea
78%
Aucun quiz correspondant
Distribution des résultats
% des personnes avec chaque résultat
Percentile par nombre de réponses
Votre historique - résultats
Vous n’avez pas pris ce quiz